00230nam a2200097Ia 4500008004100000100001500041245003000056260002200086260000900108999001500117170523s9999 xx 000 0 und d aSAHU- RAUT 0aSALESMANSHIP & SALES MGMT bVikas Publication c2004 c1364d1364